000
00335 a2200121 4500
001
ART_46801
005
20260410162000.0
008
260409a
245
1
0
_a
Armas en fuga
100
1
_a
Caverley, Jonathan
700
1
_a
Kapstein, Ethan
773
0
_t
Archivos del presente
_g
- Año 16, Nº 59 (jun. 2012)
_w
REV28180
999
_c
31186
_d
31186